Nitra

Zobrazenie: Tri čiastkové pohľady, každý v bielom orámovaní, všetky spolu v červenom a následnej v oranžovom orámovaní. Pohľad na Slovenskú poľnohospodársku univerzitu s kupolou známou ako UFO vpravo v popredí. Pohľad na obchodný dom Prior (neskôr Tesco). Pohľad na kúpalisko v pozadí s Nitrianskym h...

Full description

Bibliographic Details
Other Authors: Ondrejkovič, Ivan, 1935-1998 (Photographer), Sekal, Josef, 1936- (Photographer)
Format: Photo
Language:Slovak
PhysicalDescription:1 pohľadnica (3 čiastkové pohľady) farebná 11 x 15 cm
Published: Bratislava ČSTK-Pressfoto 1978
Subjects:

MARC

LEADER 00000ckm a2200000 a 4500
001 vtls001399254
003 SK-MaSNL
005 20260331204411.0
007 kf co
008 230718s1978 xo g 0kuslo
015 |a SNBG1978 
035 |a SNK000353712 
035 |a urn:nbn:sk:snk-km45xx8 
035 |a F76BEC7A-129B-463E-B2D2-999D43EBD84F 
035 |a urn:nbn:sk:snk-km00ehjv 
040 |a SNK  |b slo  |c SNK  |e AACR2 
041 0 |a slo 
043 |a e-xo--- 
044 |a xo  |c SK 
072 7 |a 913  |x Regionálna geografia  |2 konspekt 
080 |a 913(437.6)  |2 2011 
080 |a (084.121)  |2 2011 
080 |a 378.4  |2 2011 
080 |a 725.1:339.372.2  |2 2011 
080 |a 725.1:613.47-026.912  |2 2011 
080 |a 728.81  |2 2011 
080 |a 726:27-523.42  |2 2011 
100 1 |a Ondrejkovič, Ivan,  |d 1935-1998  |4 pht  |9 7599 
245 1 0 |a Nitra  |h grafika  |c foto: I. Ondrejkovič, J. Sekal 
246 1 |i Názov na adresnej časti:  |a Vysoká škola pohľnohospodárska 
246 1 |i Názov na adresnej časti:  |a Obchodný dom Prior 
246 1 |i Názov na adresnej časti:  |a Kúpalisko, v pozadí hrad 
260 |a Bratislava  |b ČSTK-Pressfoto  |c 1978 
300 |a 1 pohľadnica (3 čiastkové pohľady)  |b farebná  |c 11 x 15 cm 
520 8 |a Zobrazenie: Tri čiastkové pohľady, každý v bielom orámovaní, všetky spolu v červenom a následnej v oranžovom orámovaní. Pohľad na Slovenskú poľnohospodársku univerzitu s kupolou známou ako UFO vpravo v popredí. Pohľad na obchodný dom Prior (neskôr Tesco). Pohľad na kúpalisko v pozadí s Nitrianskym hradom s bazilikou sv. Emeráma uprostred 
610 2 7 |a Nitriansky hrad  |2 SNKKA  |9 165089 
610 2 7 |a Bazilika sv. Emeráma (Nitra, Slovensko)  |2 SNKKA  |9 153204 
610 2 7 |a Slovenská poľnohospodárska univerzita v Nitre  |2 SNKKA  |9 166833 
650 0 7 |a univerzity  |2 SNKPH  |9 22152 
650 0 7 |a obchodné domy  |2 SNKPH  |9 3005 
650 0 7 |a kúpaliská  |2 SNKPH  |9 4394 
650 0 7 |a hrady  |2 SNKPH  |9 3039 
650 0 7 |a baziliky  |2 SNKPH  |9 54566 
651 7 |a Nitra (Slovensko)  |2 SNKPHgeo  |9 15714 
655 7 |a miestne pohľadnice  |2 SNKPH  |9 70510 
700 1 |a Sekal, Josef,  |d 1936-  |4 pht  |9 83549 
852 |a Slovenská národná knižnica 
954 |a pohľadnice pôvodné (slovenské)  |2 lita 
954 |a pohľadnice cudzojazyčné (svetové)  |2 lita 
958 |a GBN 
958 |a GC 
958 |a OND 
958 |a EUIPO 
999 |c 982613  |d 984543 
952 |t P60, <03>, [BOOK], {603}  |a SNK  |b SNK  |y PREZ  |7 0  |p 17A1381945  |o snkSP 150005  |i snkPV 1407/2000  |0 0  |1 0  |4 0  |d 2000-10-31  |f 1  |l 0  |r 2005-01-02 00:00:00  |w 2026-02-24